书目信息 |
| 题名: |
中国文化论争
|
|
| 作者: | 张岱年 , 程宜山 著 | |
| 分册: | ||
| 出版信息: | 北京 中国人民大学出版社 2006 |
|
| 页数: | 339页 | |
| 开本: | 23cm | |
| 丛书名: | 朗朗书房 | |
| 单 册: | ||
| 中图分类: | G122 , G12 | |
| 科图分类: | ||
| 主题词: | 文化--研究--中国 , 文化 | |
| 电子资源: | ||
| ISBN: | 7-300-07582-7 | |
| 000 | 00945oam2 2200289 450 | |
| 001 | 1569325837 | |
| 005 | 20150125191544.54 | |
| 010 | @a7-300-07582-7@dCNY26.80 | |
| 100 | @a20060104d2006 em y0chiy50 ea | |
| 101 | 0 | @achi |
| 102 | @aCN@b110000 | |
| 105 | @ay z 000yy | |
| 200 | 1 | @a中国文化论争@9zhong guo wen hua lun zheng@f张岱年,程宜山著 |
| 210 | @a北京@c中国人民大学出版社@d2006 | |
| 215 | @a339页@d23cm | |
| 225 | 2 | @a朗朗书房@i文化要义丛书@v11 |
| 330 | @a本书论述了中国文化的基本特点,对中国文化的基本精神、核心思想、结构模式、历史成就、缺陷与不足,以及近几百年来的文化论争都进行了精到的研究。 | |
| 461 | 0 | @12001 @a朗朗书房 |
| 462 | 0 | @12001 @a文化要义丛书 |
| 606 | 0 | @a文化@x研究@y中国 |
| 606 | 0 | @a文化 |
| 690 | @aG122@v5 | |
| 690 | @aG12@v4 | |
| 701 | 0 | @a张岱年@9zhang dai nian@f(1909~2004)@4著 |
| 701 | 0 | @a程宜山@9cheng yi shan@f(1942~1991)@4著 |
| 801 | 0 | @aCN@bTSSF@c20150125 |
| 905 | @aZUCC@dG12@eJY52 | |
| 中国文化论争/张岱年,程宜山著.-北京:中国人民大学出版社,2006 |
| 339页;23cm.-(朗朗书房.文化要义丛书;11) |
| ISBN 7-300-07582-7:CNY26.80 |
| 本书论述了中国文化的基本特点,对中国文化的基本精神、核心思想、结构模式、历史成就、缺陷与不足,以及近几百年来的文化论争都进行了精到的研究。 |
| ● |
| 相关链接 |
|
|
|
|
正题名:中国文化论争
索取号:G12/JY52
 
预约/预借
| 序号 | 登录号 | 条形码 | 馆藏地/架位号 | 状态 | 备注 |
| 1 | 7854049 | 278540492 | 学院路分馆/ [索取号:G12/JY52] | 在馆 |